Guía para la atención de personas adultas mayores con problemas de masticación de deglución: recomendaciones nutricionales y recetario (Registro nro. 4095)
[ vista simple ]
| 000 -Cabecera | |
|---|---|
| Campo de control de longitud fija | 01040nam a2200349 4500 |
| 005 - Fecha y hora de la última transacción | |
| Campo de control | 20250520131552.0 |
| 008 - Elementos de longitud fija--Información general | |
| Campo de control de longitud fija | 150318b xxu||||| |||| 00| 0 spa d |
| 020 ## - International Standard Book Number | |
| Número Internacional Estándar del Libro (ISBN) | 9789968572125 |
| 041 ## - Idioma | |
| Código de idioma | Español |
| 082 ## - Clasificación Decimal Dewey | |
| Número de clasificación | 613.208.46 S449g |
| 100 ## - Entrada principal--Autor personal | |
| Nombre personal | Sedó Masís, Patricia |
| 9 (RLIN) | 7889 |
| 245 ## - Título propiamente dicho | |
| Título | Guía para la atención de personas adultas mayores con problemas de masticación de deglución: recomendaciones nutricionales y recetario |
| 260 ## - Pie de imprenta | |
| Lugar de publicación, distribución, etc. | Costa Rica |
| 260 ## - Pie de imprenta | |
| Nombre del editor, distribuidor, etc. | EUCR |
| 260 ## - Pie de imprenta | |
| Fecha de publicación, distribución, etc. | 2012 |
| 300 ## - Descripción física | |
| Extensión | 234 páginas |
| 300 ## - Descripción física | |
| Otras características físicas | Ilustraciones a blanco y negro |
| 650 ## - Materia general | |
| Temática (materia general) | NUTRICIÓN |
| 650 ## - Materia general | |
| Temática (materia general) | DIETA PAR ENFERMOS |
| 650 ## - Materia general | |
| Temática (materia general) | TRASTORNOS DE DEGLUCIÓN |
| 650 ## - Materia general | |
| Temática (materia general) | TRASTORNOS DE MASTICACIÓN |
| 650 ## - Materia general | |
| Temática (materia general) | COCINA |
| 650 ## - Materia general | |
| Temática (materia general) | VALOR NUTRITIVO DE LOS ALIMENTOS |
| 650 ## - Materia general | |
| Temática (materia general) | HÁBITOS ALIMENTICIOS |
| 650 ## - Materia general | |
| Temática (materia general) | ENFERMEDAD DE PARKINSON |
| 650 ## - Materia general | |
| Temática (materia general) | ENFERMEDAD DE ALZHEIMER |
| 650 ## - Materia general | |
| Temática (materia general) | ANCIANOS |
| 650 ## - Materia general | |
| Temática (materia general) | SALUD |
| 650 ## - Materia general | |
| Temática (materia general) | DIETA SANA |
| 650 ## - Materia general | |
| Temática (materia general) | ALIMENTOS NUTRITIVOS |
| 942 ## - Punto de acceso adicional KOHA | |
| Tipo de ítem KOHA | Libro |
| Fuente del sistema de clasificación o colocación | Dewey Decimal Classification |
| Signatura completa | Código de barras | Tipo de ítem |
|---|---|---|
| 613.208.46 S449g | 19341 | Libro |
| 613.208.46 S449g | 21574 | Libro |